000 00666nam a2200277Ia 4500
005 20260324111648.0
008 008 260324s9999 xx 000 0 eng d
020 _a9781003469759
037 _aEBOOK
040 _aCRL
040 _beng
040 _cCRL
041 _2eng
041 _aeng
084 _qCRL
100 _aJavad Gorjidooz; Bijan Vasigh
_91139495
245 0 _aEngineering Economics for Aviation and Aerospace
260 _bTaylor and Francis
260 _c2025
365 _a
365 _b230
856 _uhttp://www.taylorfrancis.com/books/9781003469759
942 _cEBOOK
999 _c1728390
_d1728390